[Event "AUTO-OPEN-2179"]
[Site "http://www.queenalice.com/game.php?id=985881"]
[Date "2011.9.16"]
[Round "2"]
[White "Lomax"]
[Black "vcc1982"]
[Result "1-0"]
[WhiteElo "2200"]
[BlackElo "2233"]

1. Nf3 c5 2. g3 Nc6 3. c4 g6 4. d4 cxd4 5. Nxd4 Bg7 6. Nc2 Qa5+ 7. Qd2 Qxd2+ 8.
Nxd2 e6 9. Bg2 Nge7 10. e4 O-O 11. Rb1 a5 12. b3 Nb4 13. Nxb4 axb4 14. c5 Rxa2
15. O-O Bd4 16. Nc4 Bxc5 17. Bh6 Re8 18. Bg5 b5 19. Ne5 Bd4 20. Ng4 h5 21. Nf6+
Bxf6 22. Bxf6 Nc6 23. Rfc1 e5 24. Rc5 Re6 25. Bg5 Ba6 26. Rd5 d6 27. Be3 Ne7 28.
Rd2 Rxd2 29. Bxd2 Nc6 30. Rd1 Re8 31. Be3 Rd8 32. Bb6 Rd7 33. Bh3 Rb7 34. Be3
Re7 35. Rxd6 Bb7 36. Bc5 Rc7 37. Bb6 Re7 38. f3 Nd4 39. Bxd4 exd4 40. Rxd4 Rc7
41. Rxb4 Rc5 42. Bf1 Bc6 43. Kf2 Kf8 44. Ke3 Ke7 45. f4 f6 46. Bd3 g5 47. h4 g4
48. Kd2 Ke6 49. Rd4 Be8 50. Rd8 Ke7 51. Rb8 b4 52. Rxb4 Ra5 53. Rb7+ Ke6 54. b4
Ra2+ 55. Ke3 Rg2 56. Kd4 Rxg3 57. Bc4+ Kd6 58. e5+ 1-0

[Event "AUTO-MASTER-1325"]
[Site "http://www.queenalice.com/game.php?id=985982"]
[Date "2011.9.16"]
[Round "2"]
[White "m_2788"]
[Black "vcc1982"]
[Result "0-1"]
[WhiteElo "2189"]
[BlackElo "2262"]

1. d4 Nf6 2. c4 e6 3. Nf3 d5 4. Bg5 Be7 5. e3 O-O 6. Nbd2 b6 7. Be2 c5 8. cxd5
Nxd5 9. Bxe7 Qxe7 10. Rc1 cxd4 11. Nxd4 Ba6 12. O-O Nb4 13. Bxa6 N8xa6 14. Qb3
Rac8 15. Qa4 Qb7 16. Nc4 Rc5 17. Nd6 Qd5 18. Rxc5 bxc5 19. N4b5 Qxa2 20. Qxa2
Nxa2 21. Nxa7 Rb8 22. Nab5 Kf8 23. Rd1 Ke7 24. Kf1 N2b4 25. Rd2 f5 26. f3 Nd5
27. e4 Ne3+ 28. Kf2 f4 29. h4 h6 30. Na7 Rxb2 31. Nac8+ Kd7 32. Rxb2 Nd1+ 33.
Ke2 Nxb2 34. Kd2 Nb4 35. Kc3 Nd1+ 36. Kc4 Kc6 37. Ne8 Ne3+ 38. Kc3 Kd7 39. Nxg7
Kxc8 40. Nxe6 Nxg2 41. h5 Nc6 42. Nxc5 Ne5 43. Kd2 Nxf3+ 44. Ke2 Ng5 45. e5 f3+
46. Kf2 Nf4 47. Ne4 Nd3+ 0-1

[Event "AUTO-MASTER-1325"]
[Site "http://www.queenalice.com/game.php?id=985983"]
[Date "2011.9.16"]
[Round "2"]
[White "vcc1982"]
[Black "m_2788"]
[Result "0-1"]
[WhiteElo "2253"]
[BlackElo "2148"]

1. e4 c5 2. Nf3 d6 3. d4 cxd4 4. Qxd4 Nc6 5. Bb5 Bd7 6. Bxc6 bxc6 7. O-O e5 8.
Qd3 Be7 9. c4 Nf6 10. Bg5 Qc7 11. Rd1 Be6 12. Bxf6 Bxf6 13. Qxd6 Rd8 0-1

[Event "AUTO-MASTER-1325"]
[Site "http://www.queenalice.com/game.php?id=985986"]
[Date "2011.9.16"]
[Round "2"]
[White "vcc1982"]
[Black "danbotoy"]
[Result "0-1"]
[WhiteElo "2257"]
[BlackElo "2522"]

1. e4 c5 2. Nf3 Nc6 3. c3 Nf6 4. e5 Nd5 5. d4 d6 6. exd6 cxd4 7. cxd4 Qxd6 8.
Be2 g6 9. O-O Bg7 10. Nc3 O-O 11. a3 Bg4 12. Qb3 Rad8 13. Rd1 e6 14. Bg5 Bxf3
15. Bxf3 Nxd4 16. Qxb7 Rd7 17. Ne4 Qxh2+ 18. Kxh2 Nxf3+ 19. gxf3 Rxb7 0-1

[Event "AUTO-MASTER-1325"]
[Site "http://www.queenalice.com/game.php?id=985987"]
[Date "2011.9.16"]
[Round "2"]
[White "danbotoy"]
[Black "vcc1982"]
[Result "1-0"]
[WhiteElo "2525"]
[BlackElo "2253"]

1. Nf3 c5 2. e4 g6 3. Bc4 e6 4. O-O Bg7 5. d4 cxd4 6. Nxd4 a6 7. c3 Qc7 8. Qe2
Ne7 9. Nd2 O-O 10. N2f3 Nbc6 11. Bg5 b5 12. Bd3 Bb7 13. Nb3 d6 14. Rfd1 Rad8 15.
a4 b4 16. cxb4 Nxb4 17. Rac1 Qd7 18. Bb1 Bc8 19. Qd2 Nbc6 20. Na5 Bb7 21. Nxc6
Bxc6 22. Bxe7 1-0

[Event "Challenge"]
[Site "http://www.queenalice.com/game.php?id=992725"]
[Date "2011.10.2"]
[Round "-"]
[White "albemo"]
[Black "vcc1982"]
[Result "0-1"]
[WhiteElo "1920"]
[BlackElo "2257"]

1. Nf3 d5 2. d4 e6 3. Nbd2 c5 4. c3 cxd4 5. cxd4 Nf6 6. e3 Bd6 7. Bd3 O-O 8. O-O
Nc6 9. Re1 e5 10. dxe5 Nxe5 11. Nxe5 Bxe5 12. Nf3 Bg4 13. Be2 Bc7 14. b3 Qd6 15.
g3 Ne4 16. a4 Nc3 17. Qc2 Nxe2+ 18. Qxe2 Qf6 0-1

[Event "AUTO-MASTER-1510"]
[Site "http://www.queenalice.com/game.php?id=993430"]
[Date "2011.10.4"]
[Round "1"]
[White "Jose_Benigno"]
[Black "vcc1982"]
[Result "0-1"]
[WhiteElo "2016"]
[BlackElo "2270"]

1. d4 Nf6 2. c4 e6 3. a3 b6 4. Nc3 Bb7 5. Nf3 d5 6. cxd5 exd5 7. e3 Be7 8. Bd3
O-O 9. O-O c5 10. h3 Nbd7 11. Re1 Ne4 12. Qc2 f5 13. Nh2 Qc7 14. f4 Bh4 15. Re2
Ndf6 16. Bxe4 fxe4 17. Bd2 Ba6 18. Be1 Bxe2 19. Bxh4 Bd3 20. Qf2 Rad8 21. Ng4
Nxg4 22. hxg4 Rd6 23. g5 cxd4 24. exd4 b5 25. f5 Qa5 26. Rc1 b4 27. axb4 Qxb4
28. f6 Bc4 29. Bg3 Rb6 30. Qf5 Qxb2 31. Nxd5 Qxc1+ 32. Kh2 Rb7 33. Qe6+ Kh8 34.
fxg7+ Rxg7 35. Be5 Qxg5 36. Bxg7+ Kxg7 0-1

[Event "AUTO-MASTER-1510"]
[Site "http://www.queenalice.com/game.php?id=993431"]
[Date "2011.10.4"]
[Round "1"]
[White "vcc1982"]
[Black "Jose_Benigno"]
[Result "1-0"]
[WhiteElo "2265"]
[BlackElo "2040"]

1. e4 d5 2. exd5 Nf6 3. c4 c6 4. dxc6 Nxc6 5. Nf3 e5 6. d3 Bc5 7. Be3 Bxe3 8.
fxe3 O-O 9. Be2 Qb6 10. Qd2 h6 11. Nc3 Be6 12. Na4 Qc7 13. O-O e4 14. Nd4 exd3
15. Nxe6 Qe7 16. Nxf8 dxe2 17. Qxe2 Qxf8 18. Nc3 Re8 19. Nd5 Nd7 20. Rf4 Qc5 21.
Raf1 f6 22. a3 Nce5 23. b4 Qc6 24. Qh5 b5 25. Qxe8+ 1-0

[Event "AUTO-MASTER-1510"]
[Site "http://www.queenalice.com/game.php?id=993444"]
[Date "2011.10.4"]
[Round "1"]
[White "vcc1982"]
[Black "serse"]
[Result "0-1"]
[WhiteElo "2257"]
[BlackElo "2232"]

1. e4 g5 2. d4 Bg7 3. Bxg5 c5 4. Bc4 cxd4 5. Qf3 Nf6 6. Nd2 Qa5 7. h4 Nc6 8. Bb3
Ne5 9. Qe2 b6 10. f4 Ba6 11. Qd1 Neg4 12. Qf3 Bb7 13. Bxf6 Nxf6 14. O-O-O Qc5
15. h5 a5 16. h6 Bf8 17. a4 b5 18. g4 bxa4 19. Bxa4 Qb4 20. b3 Rc8 21. Ne2 Qc5
22. c4 dxc3 23. Nc4 Ba6 24. Rh5 Qb4 25. Qxc3 Bxc4 26. Qxb4 axb4 27. bxc4 e6 28.
e5 Rxc4+ 29. Kb2 Nd5 0-1

[Event "AUTO-MASTER-1510"]
[Site "http://www.queenalice.com/game.php?id=993445"]
[Date "2011.10.4"]
[Round "1"]
[White "serse"]
[Black "vcc1982"]
[Result "1-0"]
[WhiteElo "2245"]
[BlackElo "2244"]

1. d4 d5 2. c4 dxc4 3. e3 e6 4. Bxc4 Nf6 5. Nf3 c5 6. O-O Nc6 7. Qe2 Be7 8. dxc5
Bxc5 9. Rd1 Qc7 10. a3 a6 11. b4 Be7 12. Bb2 O-O 13. Qc2 h6 14. Nbd2 b5 15. Bd3
Bb7 16. Rac1 Qb6 17. Nb3 Na7 18. Bd4 Qc6 19. Qe2 Qe8 20. Nc5 Bc8 21. Ne5 Nd5 22.
Be4 Qd8 23. Qh5 Bf6 24. Nb3 Bxe5 25. Qxe5 Qg5 26. Qxg5 hxg5 27. Bxd5 exd5 28.
Rc7 Bg4 29. f3 Rfc8 30. Rxa7 1-0

[Event "AUTO-MASTER-1510"]
[Site "http://www.queenalice.com/game.php?id=993446"]
[Date "2011.10.4"]
[Round "1"]
[White "vcc1982"]
[Black "Ronsini"]
[Result "1-0"]
[WhiteElo "2259"]
[BlackElo "2059"]

1. e4 e5 2. Nf3 Nc6 3. d4 exd4 4. Nxd4 Bc5 5. Nb3 Bb6 6. Nc3 Nf6 7. Bg5 h6 8.
Bxf6 Qxf6 9. Qd2 O-O 10. a4 a6 11. f3 Nd4 12. Nd5 Qh4+ 13. Kd1 Nxb3 14. cxb3 Re8
15. a5 Ba7 16. Nxc7 Rb8 17. Nxe8 1-0

[Event "AUTO-MASTER-1510"]
[Site "http://www.queenalice.com/game.php?id=993447"]
[Date "2011.10.4"]
[Round "1"]
[White "Ronsini"]
[Black "vcc1982"]
[Result "0-1"]
[WhiteElo "1994"]
[BlackElo "2274"]

1. e4 c6 2. d4 d5 3. Nc3 dxe4 4. Nxe4 Bf5 5. Ng3 Bg6 6. Bc4 e6 7. Nf3 Nf6 8. h4
Qa5+ 9. Bd2 Qb6 10. h5 Be4 11. Bc3 Bb4 12. O-O h6 13. Ne5 Bd5 14. Bb3 O-O 15.
Bxb4 Qxb4 16. Re1 Bxb3 17. axb3 Nbd7 18. c3 Qd6 19. Ne4 Nxe4 20. Rxe4 Nf6 21.
Rh4 Rfd8 22. Qf3 Qe7 23. Rh3 Nd7 24. Nxd7 Rxd7 25. Qe3 Rd5 26. c4 Rg5 27. Qf4
Rf5 28. Qg3 Qf6 29. Qe3 Rf4 30. Rf3 Rxf3 31. Qxf3 Qxd4 32. Rd1 Qf6 33. Qxf6 gxf6
34. Rd7 Rb8 35. Kf1 f5 36. Ke2 Kf8 37. Kf3 a5 38. g4 fxg4+ 39. Kxg4 Kg7 40. Kf4
Kf6 41. Ke4 b5 42. c5 Rg8 43. f3 Rg5 44. Rc7 Rxc5 45. Kd4 Rc2 0-1

[Event "Challenge"]
[Site "http://www.queenalice.com/game.php?id=995245"]
[Date "2011.10.9"]
[Round "-"]
[White "vcc1982"]
[Black "albemo"]
[Result "1-0"]
[WhiteElo "2261"]
[BlackElo "1857"]

1. e4 e5 2. Nf3 Nc6 3. d4 exd4 4. Nxd4 Nge7 5. Bc4 Nxd4 6. Qxd4 Nc6 7. Qd5 Qf6
8. h4 Bb4+ 9. c3 Ba5 10. Rh3 d6 11. Rf3 Be6 12. Qb5 Bxc4 13. Qxb7 Kd7 14. Rxf6
gxf6 15. b4 Bb6 16. a4 Nxb4 17. cxb4 Rhb8 18. Qxa8 Rxa8 19. Bb2 c5 20. bxc5 Bxc5
21. Bxf6 Re8 22. f3 d5 23. e5 Bd4 24. Ra3 Bxe5 25. Bxe5 Rxe5+ 26. Kd1 f5 27. Nd2
Ba6 28. f4 Re2 29. Rg3 Kd6 30. Rg7 Re7 31. Rg5 Rf7 32. Nf3 Bc4 33. a5 Bd3 34.
Ne5 1-0

[Event "AUTO-OPEN-2236"]
[Site "http://www.queenalice.com/game.php?id=1002516"]
[Date "2011.10.28"]
[Round "2"]
[White "vcc1982"]
[Black "Clovisto"]
[Result "1-0"]
[WhiteElo "2232"]
[BlackElo "1846"]

1. e4 e5 2. Nf3 Bb4 3. Bc4 Nc6 4. O-O h6 5. c3 Bd6 6. d4 a5 7. Be3 b6 8. dxe5
Bxe5 9. Qd5 Qf6 10. Nxe5 Nge7 11. Qxf7+ Qxf7 12. Bxf7+ Kf8 13. Nxc6 dxc6 14. Bb3
Ba6 15. Rd1 c5 16. Na3 Nc6 17. Rd7 Rc8 18. Bf4 g5 19. Rf7+ Ke8 20. Bxc7 b5 21.
Be6 Ra8 22. Rd1 b4 23. Nc4 Bxc4 24. Bxc4 Ne5 25. Bxe5 1-0

[Event "AUTO-OPEN-2236"]
[Site "http://www.queenalice.com/game.php?id=1002517"]
[Date "2011.10.28"]
[Round "2"]
[White "Clovisto"]
[Black "vcc1982"]
[Result "0-1"]
[WhiteElo "1806"]
[BlackElo "2272"]

1. e4 d6 2. d4 Nf6 3. e5 dxe5 4. dxe5 Qxd1+ 5. Kxd1 Ng4 6. Ke1 Nxe5 7. Bf4 Nbd7
8. Nc3 c6 9. Nf3 Nxf3+ 10. gxf3 e5 11. Bg3 Bb4 12. a3 Bxc3+ 13. bxc3 O-O 14. Bh3
Nb6 15. Bxc8 Raxc8 16. Bxe5 Rfe8 17. f4 f6 18. Kf1 fxe5 19. fxe5 Rxe5 0-1

[Event "AUTO-OPEN-2236"]
[Site "http://www.queenalice.com/game.php?id=1002518"]
[Date "2011.10.28"]
[Round "2"]
[White "vcc1982"]
[Black "gmvilela"]
[Result "0-1"]
[WhiteElo "2271"]
[BlackElo "2193"]

1. e4 c5 2. Nf3 Nc6 3. d4 cxd4 4. Nxd4 Nf6 5. Nc3 e5 6. Ndb5 d6 7. Bg5 a6 8. Na3
b5 9. Nd5 Be7 10. Bxf6 Bxf6 11. c3 O-O 12. Be2 Bg5 13. O-O Be6 14. Nc2 Ne7 15.
Ncb4 f5 16. Nxe7+ Qxe7 17. Nd5 Qf7 18. f3 Bxd5 19. exd5 Be3+ 20. Kh1 f4 21. c4
Qh5 22. cxb5 Rf6 23. bxa6 Qxh2+ 0-1

[Event "AUTO-OPEN-2236"]
[Site "http://www.queenalice.com/game.php?id=1002519"]
[Date "2011.10.28"]
[Round "2"]
[White "gmvilela"]
[Black "vcc1982"]
[Result "1-0"]
[WhiteElo "2179"]
[BlackElo "2280"]

1. e4 g6 2. d4 d6 3. f4 Bg7 4. Nf3 Nf6 5. Bd3 O-O 6. O-O Nfd7 7. c3 e5 8. fxe5
dxe5 9. d5 c6 10. c4 Nc5 11. Bc2 f5 12. Nc3 fxe4 13. Nxe4 Nxe4 14. Bxe4 Bf5 15.
Bxf5 gxf5 16. Kh1 e4 17. Ng5 Qe8 18. Ne6 Rf7 19. Nxg7 Kxg7 20. Qh5 Qe5 21. Bh6+
1-0

[Event "AUTO-OPEN-2246"]
[Site "http://www.queenalice.com/game.php?id=1004786"]
[Date "2011.11.4"]
[Round "3"]
[White "Pagano"]
[Black "vcc1982"]
[Result "0-1"]
[WhiteElo "2059"]
[BlackElo "2265"]

1. e4 d6 2. d3 c5 3. g3 Nc6 4. Bg2 Nf6 5. f4 Bg4 6. Nf3 e6 7. O-O Be7 8. c3 O-O
9. Be3 c4 10. e5 dxe5 11. fxe5 Nxe5 12. d4 Nd3 13. b3 Nd5 14. Qd2 Qc7 15. Ne5
Nxe5 16. dxe5 Nxe3 0-1